Queens of the Stone Age Songs! - Statistics

General Stats
  • This quiz has been taken 43 times
    12 since last reset
  • The average score is 46 of 114
Answer Stats
Answer % Correct
A Song for the Dead
100%
A Song for the Deaf
100%
Sick, Sick, Sick
100%
3's & 7's
67%
Caligulove
67%
Elephants
67%
Emotion Sickness
67%
First It Giveth
67%
Fortress
67%
Go with the Flow
67%
I Appear Missing
67%
If I Had a Tail
67%
I Was a Teenage Hand Model
67%
Make It Wit Chu
67%
Mind Eraser, No Chaser
67%
Monsters in the Parasol
67%
Mosquito Song
67%
My God Is the Sun
67%
No One Knows
67%
Suture Up Your Future
67%
The Lost Art of Keeping a Secret
67%
The Real Song for the Deaf
67%
You Think I Ain't Worth a Dollar, But I Feel Like a Millionaire
67%
Another Love Song
33%
Auto Pilot
33%
Avon
33%
Bandoliers
33%
Battery Acid
33%
Better Living Through Chemistry
33%
Born to Hula
33%
Broken Box
33%
Burn the Witch
33%
Carnavoyeur
33%
Dead End Friends
33%
Do It Again
33%
Domesticated Animals
33%
Era Vulgaris
33%
Everybody Knows That You Are Insane
33%
Fairweather Friends
33%
Feel Good Hit of the Summer
33%
Feel Good Hit of the Summer (Reprise)
33%
Feet Don't Fail Me
33%
Give the Mule What He Wants
33%
God Is in the Radio
33%
Gonna Leave You
33%
Gunman
33%
Hangin' Tree
33%
Head Like a Haunted House
33%
Hideaway
33%
Hispanic Impressions
33%
How to Handle a Rope (A Lesson in the Lariat)
33%
If Only
33%
I'm Designer
33%
I Never Came
33%
In My Head
33%
Interlude with Ludes
33%
In the Fade
33%
Into the Hollow
33%
I Sat by the Ocean
33%
I Think I Lost My Headache
33%
Kalopsia
33%
Keep Your Eyes Peeled
33%
Leg of Lamb
33%
Lightning Song
33%
...Like Clockwork
33%
Little Sister
33%
Long Slow Goodbye
33%
Made to Parade
33%
Medication
33%
Mexicola
33%
Misfit Love
33%
Negative Space
33%
New Fang
33%
No One Loves Me & Neither Do I
33%
Obscenery
33%
Ode to Clarissa
33%
Paper Machete
33%
Quick and to the Pointless
33%
Regular John
33%
Reptiles
33%
River in the Road
33%
Run, Pig, Run
33%
Scumbag Blues
33%
Sicily
33%
Six Shooter
33%
Skin on Skin
33%
Smooth Sailing
33%
Someone's in the Wolf
33%
Spiders and Vinegaroons
33%
Spinning in Daffodils
33%
Straight Jacket Fitting
33%
Tangled Up in Plaid
33%
Tension Head
33%
The Blood Is Love
33%
The Bronze
33%
The Evil Has Landed
33%
The Fun Machine Took a Shit and Died
33%
These Aren't the Droids You're Looking For
33%
The Sky Is Fallin'
33%
The Vampyre of Time and Memory
33%
The Way You Used to Do
33%
This Lullaby
33%
Time & Place
33%
Turnin' on the Screw
33%
Un-Reborn Again
33%
Villains of Circumstance
33%
Walkin on the Sidewalks
33%
Warsaw or the First Breath You Take After You Give Up
33%
What The Peephole Say
33%
You Can't Quit Me Baby
33%
"You Got a Killer Scene There, Man..."
33%
You Would Know
33%
Infinity
0%
Running Joke
0%
No matching quizzes found
Score Distribution
Percent of People with Each Score
Percentile by Number Answered
Your Score History
You have not taken this quiz since the last reset